000 00688nam a2200289Ia 4500
005 20260324145710.0
008 008 260324s9999 xx 000 0 eng d
020 _a9781315763521
037 _aEBOOK
040 _aCRL
040 _beng
040 _cCRL
041 _2eng
041 _aeng
084 _qCRL
100 _aTom Goff
_91223878
245 0 _aMarx and Mead (RLE Social Theory)
245 0 _bContributions to a Sociology of Knowledge
260 _bTaylor and Francis
260 _c1980
365 _a
365 _b205
856 _uhttp://www.taylorfrancis.com/books/9781315763521
942 _cEBOOK
999 _c1832145
_d1832145